Syntaktické struktury. Logický základ teorie jazyka. O pojmu "gramatické pravidlo" /

Na minha lista:
Detalhes bibliográficos
Autor principal: Chomsky, Noam (Author)
Formato: Livro
Idioma:tcheco
Publicado em: Praha : Academia, 1966
Tags: Adicionar Tag
Sem tags, seja o primeiro a adicionar uma tag!

MARC

LEADER 00000nam a22000003a 4500
001 stu29
005 20150617225620.6
008 910211s1966----cs------------------cze-d
040 |a STU  |b slo 
041 0 |a cze 
044 |a cs 
080 |a 519.76 
100 1 |a Chomsky, Noam  |4 aut 
245 1 |a Syntaktické struktury. Logický základ teorie jazyka. O pojmu "gramatické pravidlo" /  |c [aut.] Chomsky,Noam 
260 |a Praha :  |b Academia,  |c 1966 
300 |a 209 s 
996 |c I*13UI4452  |l II680  |s A  |a 24  |w stu29_0001